Demetrio Ramos Pérez / (Record no. 169344)
[ view plain ]
| 000 -LEADER | |
|---|---|
| campo de control de longitud fija | 00694nam a22001935i 4500 |
| 001 - NÚMERO DE CONTROL | |
| campo de control | 169344 |
| 003 - IDENTIFICADOR DE NÚMERO DE CONTROL | |
| campo de control | ES-MaACL |
| 005 - FECHA Y HORA DE LA ÚLTIMA TRANSACCIÓN | |
| campo de control | 20231216062911.0 |
| 008 - DATOS DE LONGITUD FIJA--INFORMACIÓN GENERAL | |
| campo de control de longitud fija | 080901s2000 sp |||| | spa d |
| 080 ## - NÚMERO DE LA CLASIFICACIÓN DECIMAL UNIVERSAL | |
| Número de la Clasificación Decimal Universal | 929 Ramos, Demetrio |
| 100 1# - ENTRADA PRINCIPAL--NOMBRE DE PERSONA | |
| Nombre de persona | Pérez de Tudela y Bueso, Juan, |
| Fechas asociadas al nombre | 1922-2004 |
| 9 (RLIN) | 90810 |
| 245 10 - MENCIÓN DEL TÍTULO | |
| Título | Demetrio Ramos Pérez / |
| Mención de responsabilidad, etc. | Juan Pérez de Tudela y Bueso. |
| 260 ## - PUBLICACIÓN, DISTRIBUCIÓN, ETC. | |
| Lugar de publicación, distribución, etc. | Madrid : |
| Nombre del editor, distribuidor, etc. | Real Academia de la Historia, |
| Fecha de publicación, distribución, etc. | 2000. |
| 300 ## - DESCRIPCIÓN FÍSICA | |
| Extensión | 6 p., [1] h. de lám. ; |
| Dimensiones | 22 cm. |
| 595 ## - | |
| -- | Separata de: Boletín de la Real Academia de la Historia, tomo CXCVII, cuaderno I. |
| 600 14 - PUNTO DE ACCESO ADICIONAL DE MATERIA--NOMBRE DE PERSONA | |
| Nombre de persona | Ramos, Demetrio. |
| 9 (RLIN) | 95248 |
| 852 ## - LOCALIZACIÓN | |
| Ubicación | ES-MaACL |
| Número de control de estantería | 2234-F-8 |
| itemnumber | R.142407 |
| Estatus retirado | Estado de pérdida | Estado de daño | No para préstamo | Colección | Biblioteca de origen | Biblioteca actual | Ubicación en estantería | Fecha de adquisición | Fuente de adquisición | Total de préstamos | Signatura topográfica completa | Código de barras | Visto por última vez | Precio de reemplazo | Tipo de ítem Koha |
|---|---|---|---|---|---|---|---|---|---|---|---|---|---|---|---|
| Colección de folletos | Biblioteca del Ateneo de Madrid | Biblioteca del Ateneo de Madrid | Depósito folletos | 01/09/2008 | 2234-F-8 | 1177788 | 23/02/2023 | 23/02/2023 | Folleto |
